International Factor Movements and Trade <The> Basic Issues
Uložené v:
| Hlavný autor: | |
|---|---|
| Médium: | Kniha |
| Jazyk: | English |
| Vydavateľské údaje: |
Kiel
Institut für Weltwirtschaft
1994
|
| Edícia: | Kiel Working Paper
No.662 |
| Predmet: | |
| Tagy: |
Žiadne tagy, Buďte prvý, kto otaguje tento záznam!
|
MARC
| LEADER | 00000nam a2200000 4500 | ||
|---|---|---|---|
| 001 | c010674 | ||
| 005 | 20250521092958.7 | ||
| 041 | 0 | |a eng | |
| 044 | |a DE | ||
| 245 | 1 | 0 | |a International Factor Movements and Trade |b <The> Basic Issues |c Andreas Kopp |
| 264 | 1 | |a Kiel |b Institut für Weltwirtschaft |c 1994 | |
| 300 | |a 12 s. | ||
| 490 | 1 | |a Kiel Working Paper |v No.662 | |
| 830 | 0 | |a Kiel Working Paper |v No.662 | |
| 610 | 2 | 0 | |a obchod medzinárodný |
| 610 | 2 | 0 | |a teórie ekonomické |
| 610 | 2 | 0 | |a modely obchodu zahraničného |
| 100 | 1 | |a Kopp, Andreas | |